000 00684nam a2200181Ia 4500
008 090124s9999 xx 000 0 und d
082 _b126525
100 _aनिसळ शांता
245 _a विमुक्ता(स्वतंत्र सामाजिक कादंबरी)
250 _a1
260 _c1995
300 _a110
600 _aनिसळ शांता
630 _a विमुक्ता(स्वतंत्र सामाजिक कादंबरी)
700 _aनिसळ शांता
730 _a विमुक्ता(स्वतंत्र सामाजिक कादंबरी)
942 _cBOOK
999 _c172615
_d172615